Religion Quiz

Random Religion or Bible Quiz

'J' Bible Books Quiz Stats

 Plays Quiz Updated Oct 12, 2016

Challenge
Share
Tweet
Embed
Score 0/9 Timer 01:00
7 Plays Today
% Correct
John
89.5%
Job
74.9%
Jeremiah
71.3%
James
70.9%
Joshua
63.9%
Judges
61.9%
Jude
54.2%
Jonah
53.4%
Joel
35.2%

You're not logged in!

Compare scores with friends on all Sporcle quizzes.
Join for Free
OR
Log In

You Might Also Like...

Show Comments

Extras

Top Quizzes Today


Score Distribution

Your Account Isn't Verified!

In order to create a playlist on Sporcle, you need to verify the email address you used during registration. Go to your Sporcle Settings to finish the process.

Report this User

Report this user for behavior that violates our Community Guidelines.

Details: